Name the Martial Arts Actor - Statistics

General Stats
  • This quiz has been taken 173 times
    165 since last reset
  • The average score is 9 of 27
Answer Stats
Hint Answer % Correct
Rush Hour, Shanghai Noon, Police Story Jackie Chan
95%
Enter the Dragon, The Way of the Dragon, The Chinese Connection Bruce Lee
91%
Fist of Legend, Once Upon a Time in China, Unleashed Jet Li
74%
Bloodsport, Timecop, Kickboxer Jean Claude Van Damme
57%
Ong Bak, The Protector Tony Jaa
57%
Transporter, Transporter 2, Transporter 3 Jason Statham
56%
Ip Man, Kill Zone, Legend of the Fist Donnie Yen
55%
Blade Trilogy Wesley Snipes
54%
Above the Law, Under Siege Steven Seagal
42%
The Delta Force, Lone Wolf McQuade Chuck Norris
38%
Blood and Bone, Black Dynamite Michael Jai White
32%
Showdown in Little Tokyo, Expendables (as Gunnar Jensen) Dolph Lundgren
29%
Undisputed 3, Ninja Scott Adkins
28%
Wing Chun, Crouching Tiger Hidden Dragon Michelle Yeoh
25%
The Raid, Merantau Iko Uwais
24%
Shaolin Soccer, Kung Fu Hustle Stephen Chow
21%
Haywire Gina Carano
14%
The Street Fighter, Kill Bill (Hattori Hanzo) Sonny Chiba
13%
Magnificent Butcher, Kill Zone (villain) Sammo Hung
11%
Tekken (Eddy Gordo), The Protector (Capoeira Fighter), Undisputed 3 (Santiago Silva) Lateef Crowder
10%
Fist of the North Star, Bloodmoon Gary Daniels
8%
The 36th Chamber of Shaolin, Legendary Weapons of China Gordon Liu
8%
Chocolate, Raging Phoenix Jeeja Yanin
6%
G I Joe (Storm Shadow), Red 2 (Han Cho Bai) Lee Byung Hun
6%
Fatal Contact, Legendary Assassin Wu Jing
6%
The Iceman Cometh, The Prodigal Son Yuen Biao
5%
The Rebel, Clash, The Protector (Johnny) Johnny Nguyen
4%
No matching quizzes found
Score Distribution
Percent of People with Each Score
Percentile by Number Answered
Your Score History
You have not taken this quiz since the last reset